Most Common High School Sports In Michigan - Statistics

General Stats
  • This quiz has been taken 9 times
  • The average score is 11 of 16
Answer Stats
Rank Sport % Correct
6 Baseball
100%
3 Basketball
100%
2 Football
100%
16 Hockey
100%
4 Soccer
100%
1 Track
89%
10 Tennis
67%
9 Wrestling
67%
7 Cross Country
56%
11 Golf
56%
15 Lacrosse
56%
8 Softball
56%
5 Volleyball
56%
14 Cheer
44%
13 Bowling
33%
12 Swim and Dive
11%
No matching quizzes found
Score Distribution
Percent of People with Each Score
Percentile by Number Answered
Your Score History
You have not taken this quiz